[Event "FIDE World Cup"]
[Site "Tromsoe"]
[Date "2013.08.11"]
[Round "1.1"]
[White "Cori, Jorge Moise"]
[Black "Radjabov, Teimour"]
[Result "1/2-1/2"]
[WhiteElo "2549"]
[BlackElo "2733"]
[PlyCount "70"]
[EventDate "2013.08.11"]
[EventType "k.o."]
[EventRounds "7"]
[EventCountry "NOR"]
[SourceTitle "CBM 156"]
[Source "ChessBase"]
[SourceDate "2013.09.17"]
[SourceVersion "1"]
[SourceVersionDate "2013.09.17"]
[SourceQuality "1"]

1. d4 Nf6 2. c4 g6 3. Nc3 Bg7 4. e4 d6 5. Nf3 O-O 6. Be2 e5 7. O-O Nc6 8. d5
Ne7 9. b4 a5 10. Ba3 b6 11. bxa5 Rxa5 12. Bb4 Ra8 13. a4 Nh5 14. Re1 Nf4 15.
Bf1 f5 16. Nb5 Bd7 17. Nd2 Bxb5 18. axb5 Rxa1 19. Qxa1 Nh5 20. g3 Nf6 21. Bh3
h5 22. Bc3 fxe4 23. Nxe4 Nxe4 24. Rxe4 Nf5 25. Qe1 Qg5 26. Bf1 Nh6 27. Bd2 Qf5
28. Bxh6 Bxh6 29. Bd3 Qf3 30. Qe2 Kg7 31. h4 Bc1 32. Bc2 Ba3 33. Qxf3 Rxf3 34.
Re3 Rxe3 35. fxe3 Bc5 1/2-1/2

[Event "FIDE World Cup"]
[Site "Tromsoe"]
[Date "2013.08.14"]
[Round "2.1"]
[White "Radjabov, Teimour"]
[Black "Bruzon Batista, Lazaro"]
[Result "1/2-1/2"]
[WhiteElo "2733"]
[BlackElo "2698"]
[PlyCount "57"]
[EventDate "2013.08.11"]
[EventType "k.o."]
[EventRounds "7"]
[EventCountry "NOR"]
[SourceTitle "CBM 156"]
[Source "ChessBase"]
[SourceDate "2013.09.17"]
[SourceVersion "1"]
[SourceVersionDate "2013.09.17"]
[SourceQuality "1"]

1. d4 Nf6 2. Nf3 e6 3. g3 b6 4. Bg2 Bb7 5. O-O c5 6. c4 cxd4 7. Qxd4 Nc6 8. Qf4
Ne7 9. b3 Ng6 10. Qd2 Be7 11. Bb2 O-O 12. Nc3 Qb8 13. Rfd1 Rd8 14. Qc2 d5 15.
cxd5 Nxd5 16. Nxd5 Rxd5 17. Rxd5 Bxd5 18. h4 h6 19. Rc1 Qb7 20. Qc7 Bc5 21.
Qxb7 Bxb7 22. Ne1 Bxg2 23. Kxg2 h5 24. Rd1 Nf8 25. Nd3 Rd8 26. Rc1 Bd6 27. Kf3
f6 28. Rc6 Ng6 29. Rc4 1/2-1/2

[Event "FIDE World Cup"]
[Site "Tromsoe"]
[Date "2013.08.16"]
[Round "2.3"]
[White "Bruzon Batista, Lazaro"]
[Black "Radjabov, Teimour"]
[Result "1/2-1/2"]
[WhiteElo "2698"]
[BlackElo "2733"]
[PlyCount "140"]
[EventDate "2013.08.11"]
[EventType "k.o."]
[EventRounds "7"]
[EventCountry "NOR"]
[SourceTitle "CBM 156"]
[Source "ChessBase"]
[SourceDate "2013.09.17"]
[SourceVersion "1"]
[SourceVersionDate "2013.09.17"]
[SourceQuality "1"]

1. e4 c5 2. Nf3 Nc6 3. Bb5 e6 4. O-O Nge7 5. d4 cxd4 6. Nxd4 a6 7. Be2 Qc7 8.
Nb3 d5 9. exd5 Nxd5 10. c4 Nf6 11. Nc3 Bd6 12. h3 O-O 13. Be3 Rd8 14. Qc1 Bd7
15. a3 Rac8 16. Rd1 Be8 17. Qc2 Ne7 18. Bd4 Ng6 19. Bf1 Bc6 20. Re1 Nf4 21. g3
Ng6 22. Bxf6 gxf6 23. Ne4 Be5 24. Bg2 f5 25. Ned2 h5 26. Bxc6 Qxc6 27. Re3 h4
28. Rae1 Bb8 29. c5 hxg3 30. fxg3 b6 31. Nc4 bxc5 32. Rc3 Kg7 33. Qf2 Rh8 34.
Qg2 Qxg2+ 35. Kxg2 f4 36. g4 f3+ 37. Kxf3 Rxh3+ 38. Ke2 Rh2+ 39. Kd1 Bf4 40.
Re2 Rd8+ 41. Ke1 Rh1+ 42. Kf2 Rdd1 43. Kf3 Rhg1 44. Nxc5 Bg5 45. Ne3 Rd4 46.
Kf2 Bxe3+ 47. Rexe3 Rdxg4 48. Rg3 R4xg3 49. Rxg3 Rc1 50. Rc3 Rd1 51. b4 Rd6 52.
Rd3 Rc6 53. Rd7 a5 54. Ke3 axb4 55. axb4 Rb6 56. Rb7 Rxb7 57. Nxb7 Ne7 58. b5
f5 59. Kd4 Kf6 60. Nc5 e5+ 61. Kc4 f4 62. b6 f3 63. b7 Nc6 64. Kd5 Nb8 65. Ne4+
Kf5 66. Nf2 Na6 67. Ne4 Kf4 68. Nf2 Nb8 69. Nd3+ Ke3 70. Nxe5 f2 1/2-1/2

[Event "FIDE World Cup"]
[Site "Tromsoe"]
[Date "2013.08.16"]
[Round "2.4"]
[White "Radjabov, Teimour"]
[Black "Bruzon Batista, Lazaro"]
[Result "1/2-1/2"]
[WhiteElo "2733"]
[BlackElo "2698"]
[PlyCount "25"]
[EventDate "2013.08.11"]
[EventType "k.o."]
[EventRounds "7"]
[EventCountry "NOR"]
[SourceTitle "CBM 156"]
[Source "ChessBase"]
[SourceDate "2013.09.17"]
[SourceVersion "1"]
[SourceVersionDate "2013.09.17"]
[SourceQuality "1"]

1. Nf3 Nf6 2. g3 b6 3. Bg2 Bb7 4. O-O e6 5. c4 Be7 6. Nc3 O-O 7. d4 Ne4 8. Bd2
Bf6 9. Ne5 Nxc3 10. Bxc3 Bxg2 11. Kxg2 d5 12. Ng4 Be7 13. Qa4 1/2-1/2

[Event "FIDE World Cup"]
[Site "Tromsoe"]
[Date "2013.08.16"]
[Round "2.5"]
[White "Bruzon Batista, Lazaro"]
[Black "Radjabov, Teimour"]
[Result "0-1"]
[WhiteElo "2698"]
[BlackElo "2733"]
[PlyCount "110"]
[EventDate "2013.08.11"]
[EventType "k.o."]
[EventRounds "7"]
[EventCountry "NOR"]
[SourceTitle "CBM 156"]
[Source "ChessBase"]
[SourceDate "2013.09.17"]
[SourceVersion "1"]
[SourceVersionDate "2013.09.17"]
[SourceQuality "1"]

1. Nf3 Nf6 2. d4 g6 3. Bf4 Bg7 4. e3 c5 5. c3 b6 6. Be2 Bb7 7. O-O O-O 8. h3 d6
9. Bh2 Nbd7 10. a4 Qc7 11. Nbd2 a6 12. Qb3 Bc6 13. c4 e6 14. Rfd1 Rfd8 15. Rac1
Rab8 16. Nb1 Ne4 17. d5 exd5 18. cxd5 Bb7 19. Nfd2 Nxd2 20. Rxd2 b5 21. axb5
axb5 22. Qxb5 Bxd5 23. Qd3 Nb6 24. Na3 Qc6 25. Bf1 c4 26. Qc2 Rbc8 27. Nb1 Be4
28. Qd1 Bxb1 29. Rxb1 d5 30. Rc1 Qb5 31. Rcc2 Bf6 32. Qf3 Kg7 33. Bf4 Qc6 34.
g4 h6 35. Bg2 Qe6 36. Qd1 Rd7 37. Bg3 Rcd8 38. Re2 Na4 39. Red2 Nxb2 40. Qb1
Nd3 41. Ra2 Qc6 42. Ra5 Bc3 43. Rda2 Bxa5 44. Rxa5 Qf6 45. Bf1 Ne5 46. Qc1 Nf3+
47. Kg2 Ng5 48. Qc2 Ne4 49. Bh2 Rb7 50. Ra2 Qe6 51. Be2 Kg8 52. Bf3 Ng5 53. Bf4
Nxf3 54. Kxf3 g5 55. Bg3 d4 0-1

[Event "FIDE World Cup"]
[Site "Tromsoe"]
[Date "2013.08.16"]
[Round "2.6"]
[White "Radjabov, Teimour"]
[Black "Bruzon Batista, Lazaro"]
[Result "1-0"]
[WhiteElo "2733"]
[BlackElo "2698"]
[PlyCount "67"]
[EventDate "2013.08.11"]
[EventType "k.o."]
[EventRounds "7"]
[EventCountry "NOR"]
[SourceTitle "CBM 156"]
[Source "ChessBase"]
[SourceDate "2013.09.17"]
[SourceVersion "1"]
[SourceVersionDate "2013.09.17"]
[SourceQuality "1"]

1. d4 Nf6 2. c4 e6 3. Nf3 Bb4+ 4. Bd2 a5 5. g3 d6 6. Bg2 Nbd7 7. Qc2 e5 8. Nc3
exd4 9. Nxd4 O-O 10. O-O Ne5 11. b3 c6 12. Rad1 Re8 13. Bc1 Bc5 14. Bb2 Bg4 15.
h3 Bh5 16. Ne4 Bg6 17. Nxf6+ Qxf6 18. Qc1 a4 19. Bc3 axb3 20. axb3 h5 21. Qb2
Qe7 22. Rfe1 Ra6 23. Ra1 Rb6 24. Qa2 Nd7 25. Qd2 Nf6 26. b4 Bxd4 27. Bxd4 c5
28. Bxf6 Qxf6 29. b5 Be4 30. f3 Bf5 31. e4 Be6 32. Qa5 Qd8 33. Qc3 Bd7 34. f4
1-0

[Event "FIDE World Cup"]
[Site "Tromsoe"]
[Date "2013.08.17"]
[Round "3.1"]
[White "Svidler, Peter"]
[Black "Radjabov, Teimour"]
[Result "1-0"]
[WhiteElo "2746"]
[BlackElo "2733"]
[Annotator "Krasenkow,M"]
[PlyCount "63"]
[EventDate "2013.08.11"]
[EventType "k.o."]
[EventRounds "7"]
[EventCountry "NOR"]
[SourceTitle "CBM 156"]
[Source "ChessBase"]
[SourceDate "2013.09.17"]
[SourceVersion "1"]
[SourceVersionDate "2013.09.17"]
[SourceQuality "1"]

1. d4 Nf6 2. c4 g6 3. Nc3 Bg7 4. e4 d6 5. h3 O-O 6. Bg5 Qe8 7. Nf3 {White
doesn't want to close the centre after ...e7-e5; otherwise he should take
measures against ...Nf6-h5, e.g.} (7. Be2) ({or} 7. g4 $5) 7... e5 (7... Na6 {
leads to one of the lines of the Bagirov system (5.Nf3, 6.h3).}) 8. dxe5 $1 {
This is very strong in the particular situation.} (8. d5 Nh5 $1 {, e.g.} 9. Qd2
(9. g3 f5 10. Be2 Nf6 11. exf5 {1-0 (62) Khotenashvili,B (2512)-Lomineishvili,
M (2351) Belgrade SRB 2013} gxf5 $132) 9... Na6 10. Bh6 Bd7 11. Bxg7 Kxg7 12.
g3 f5 13. Bg2 Nc5 14. O-O f4 15. b4 Na6 16. g4 Nf6 17. Rab1 Qe7 18. Nh2 h5 $132
{0-1 (29) Delitzsch,J (2278)-Baklan,V (2617) Bad Wiessee 2011}) 8... dxe5 9.
Nd5 $1 (9. Be2 {is less energetic:} c6 (9... Na6 10. O-O Nc5 11. Qc2 Ne6 12.
Be3 Nh5 13. Rfe1 f5 14. Rad1 c6 15. Na4 fxe4 16. Qxe4 Nef4 $132 {0-1 (41)
Cramling,P (2525)-Jonsson,H (2340) Sweden 1994}) 10. Qd6 Nbd7 11. O-O h6 12.
Bh4 Kh7 13. Rad1 Rg8 14. Rd2 Nh5 15. Rfd1 Nf4 16. Qe7 (16. Be7 $5) 16... g5 17.
Qxe8 {1/2 (17) Dydyshko,V (2495)-Shulman,Y (2520) Ostrava 1998}) 9... Nxd5 10.
cxd5 c6 (10... f5 11. Rc1 $1 Qf7 12. Be3 Kh8 13. Ng5 Qe7 14. h4 b6 15. Qc2 Na6
16. a3 h6 17. Qc6 $18 {1-0 (20) Petkov,V (2559)-Bailet,P (2440) Cappelle la
Grande FRA 2013}) 11. Bc4 (11. d6 $5 {is double-edged:} f6 12. Qb3+ Kh8 13. Be3
Nd7 {1-0 (49) Szilagyi,P (2360)-Fodor,I (2281) Hungary 2008} (13... Qe6 $142 $5
{M.Golubev}) 14. h4 $1 $36 (14. a4 $5 Nb6 $140 15. a5)) 11... Nd7 (11... cxd5
$5 12. Bxd5 (12. exd5 $2 e4) 12... Na6 $5 {[%cal Ya6b4,Ya6c7]} (12... Nd7 $5 {
[%cal Yd7b6,Yc8e6]})) 12. O-O Nb6 13. Bb3 cxd5 14. exd5 {[%csl Gd5][%mdl 36]
Black has not equalised: White's strong passed pawn, supported by his
b3-bishop, gives him a clear plus.} h6 15. Be3 Qd8 {Passive defence is
hopeless but here and further on Black has no comfortable ways to change the
situation.} (15... e4 16. Nd2 $1 Qe5 17. Bxb6 axb6 18. Re1 $16) 16. Qd2 Kh7 (
16... e4 17. Nd4 Nxd5 18. Bxh6 $16 {[%csl Gb3]}) 17. Rfe1 Re8 (17... e4 18.
Bxb6 Qxb6 19. Rxe4 Qd6 20. Rae1 $16) 18. Rac1 e4 19. Nh2 {[%cal Ye3f4]} Qd6 20.
Bf4 Be5 21. Rxe4 Bxf4 22. Rxf4 $18 {White has won a pawn while still keeping
his positional advantage.} (22. Qxf4 $5 Qxf4 23. Rxf4 Kg7 24. Rc7) 22... Bf5 (
22... Kg8 23. Rh4 $1 g5 (23... h5 24. Qh6 Qf8 25. Qg5) 24. Rd4 $40 {[%cal
Yf2f4,Yh3h4]}) 23. g4 Be6 24. Nf3 g5 (24... Bxd5 25. Rxf7+) 25. dxe6 $1 Qxf4
26. Qxf4 gxf4 27. Rc7 Kh8 28. Rxf7 {[%csl Ge6]} Rad8 29. e7 Rb8 30. g5 Rg8 31.
Bc2 Rg7 32. Rf8+ (32. Rf8+ Rg8 33. Rxb8 Rxb8 34. Bg6 $18) 1-0

[Event "World Cup ACP"]
[Site "Riga"]
[Date "2013.09.14"]
[Round "2.1"]
[White "Radjabov, Teimour"]
[Black "Svidler, Peter"]
[Result "0-1"]
[WhiteElo "2733"]
[BlackElo "2746"]
[PlyCount "56"]
[EventDate "2013.09.13"]
[EventType "k.o. (rapid)"]
[EventRounds "4"]
[EventCountry "LAT"]
[SourceTitle "CBM 156 Extra"]
[Source "ChessBase"]
[SourceDate "2013.10.22"]
[SourceVersion "1"]
[SourceVersionDate "2013.10.22"]
[SourceQuality "1"]

1. e4 c5 2. Nf3 e6 3. g3 Nc6 4. Bg2 Nf6 5. Nc3 a6 6. O-O Qc7 7. d3 Be7 8. Nh4
d6 9. f4 b5 10. Bd2 Bb7 11. h3 b4 12. Ne2 a5 13. c4 bxc3 14. bxc3 d5 15. e5 Nd7
16. Nf3 O-O 17. g4 Ba6 18. Qc2 Rab8 19. Ng3 Qb6 20. Rab1 Qa7 21. Rbe1 Bxd3 22.
Qxd3 c4+ 23. Be3 cxd3 24. Bxa7 Nxa7 25. f5 Nb5 26. Rd1 Nc5 27. Nd4 Nxc3 28. Rc1
Bg5 0-1

[Event "World Cup ACP"]
[Site "Riga"]
[Date "2013.09.14"]
[Round "2.2"]
[White "Svidler, Peter"]
[Black "Radjabov, Teimour"]
[Result "1/2-1/2"]
[WhiteElo "2746"]
[BlackElo "2733"]
[PlyCount "42"]
[EventDate "2013.09.13"]
[EventType "k.o. (rapid)"]
[EventRounds "4"]
[EventCountry "LAT"]
[SourceTitle "CBM 156 Extra"]
[Source "ChessBase"]
[SourceDate "2013.10.22"]
[SourceVersion "1"]
[SourceVersionDate "2013.10.22"]
[SourceQuality "1"]

1. d4 f5 2. g3 Nf6 3. Bg2 g6 4. Nf3 Bg7 5. O-O O-O 6. c4 d6 7. Nc3 c6 8. Qb3
Kh8 9. Rd1 Na6 10. Rb1 Qe8 11. Qa3 Nc7 12. d5 Bd7 13. Be3 b6 14. b4 Ng4 15. Bd4
Nf6 16. c5 dxc5 17. dxc6 Bxc6 18. bxc5 Ne6 19. cxb6 axb6 20. Qb3 Nxd4 21. Nxd4
Bxg2 1/2-1/2

[Event "Bucharest Kings 7th"]
[Site "Bucharest"]
[Date "2013.10.07"]
[Round "1"]
[White "Radjabov, Teimour"]
[Black "Ponomariov, Ruslan"]
[Result "1/2-1/2"]
[WhiteElo "2723"]
[BlackElo "2751"]
[Annotator "Rogozenco,D"]
[PlyCount "61"]
[EventDate "2013.10.07"]
[EventType "tourn"]
[EventRounds "10"]
[EventCountry "ROU"]
[EventCategory "20"]
[SourceTitle "CBM 157"]
[Source "ChessBase"]
[SourceDate "2013.11.12"]
[SourceVersion "1"]
[SourceVersionDate "2013.11.12"]
[SourceQuality "1"]

{This first round of the Kings Tournament started with a quiet draw between
Teimour Radjabov and Ruslan Ponomariov. It is very difficult to get an
advantage against classical openingsќ, concluded Radjabov after the game.
Indeed, Black didn't have any problems to equalise and on move 31 the draw was
agreed. The encounter Nisipeanu-Caruana was much more exciting. The Romanian
grandmaster surprised his opponent in the opening with the hyper-aggressive
move 5.h4 against the Gruenfeld, but something went wrong and Black didn't
have any opening problems, to say the least. Soon Caruana got clearly better
prospects, but allowed White a nice combination, which should have saved
Nisipeanu. With little time on the clock the Romanian GM missed a forced draw
though. Later in the worse position on moves 39 and 40 White made further
mistakes, allowing Caruana to achieve a decisive advantage, which the Italian
converted into a full point on move 57.} 1. d4 d5 2. c4 c6 3. Nf3 Nf6 4. Nc3 e6
5. Bg5 Nbd7 {An invitation to play the Cambridge-Springs Variation: 6.e3 Qa5.}
6. cxd5 {Radjabov goes for a safer line: the Exchange Variation of the Queen's
Gambit.} exd5 7. e3 Be7 8. Qc2 Nh5 {This move has been popular lately and it
was used also by Ponomariov earlier in a rapid and a blitz game. Black
exchanges the dark-squared bishops, which strategically seems to favour White,
but on the other hand it frees more squares for the black pieces as well.} 9.
Bxe7 Qxe7 10. Be2 {Usually White is trying to fight for the advantage in this
system by castling long. However, as mentioned by Radjabov after the game, the
latest games showed that White is also taking some risks with his king on the
queenside.} (10. O-O-O Nb6 11. h3 Be6 12. Bd3 O-O-O 13. Nd2 Kb8 14. Nb3 g6 15.
g4 Ng7 16. f3 h5 17. Kb1 Bc8 18. Qf2 Ne6 19. Ne2 Qd6 20. Ng3 hxg4 21. hxg4 Qb4
22. Qd2 Qd6 23. Qg2 Qb4 24. Qd2 Qd6 25. Qg2 Qb4 {1/2-1/2 Jakovenko,D (2713)
-Ponomariov,R (2743) Khanty-Mansiysk (rapid) 2013}) 10... g6 11. O-O O-O 12.
Rfb1 (12. Rab1 Nb6 13. Bd3 Ng7 14. Rfe1 Bf5 15. h3 Rfe8 16. Ne5 f6 17. Nf3 Bxd3
18. Qxd3 Nf5 19. b4 a6 20. a4 Nd6 21. b5 cxb5 22. axb5 a5 {and Black had
advantage in the blitz game Giri,A (2714)-Ponomariov,R (2723) Beijing 2011.})
12... Nb6 13. Qb3 Bf5 14. Rc1 {Radjabov's idea to provoke the bishop on f5 was
to slow down Black's possible plan with the advance of the f-pawn.} Nf6 {
Ponomariov rearranges his knights after which Black is very close to complete
equality.} 15. a4 (15. Qa3 {was a move suggested after the game, but it is
also not sufficient:} Qxa3 16. bxa3 Nc8 17. a4 a5 {and Black is fine.}) 15...
Nc8 16. Qa3 a5 ({Slightly more precise is} 16... Qxa3 17. Rxa3 a5 $11 {
(Radjabov)}) 17. Qxe7 Nxe7 18. b3 Nc8 19. Ne5 Nd7 20. Nxd7 Bxd7 21. Rab1 Nd6
22. b4 axb4 23. Rxb4 {Black has just one weakness on b7, which he easily
protects.} Ra5 24. Rb6 Rfa8 25. f3 f5 26. Kf2 Kf7 27. Bd3 Ke7 28. h4 Be6 29.
Rcb1 R8a7 30. Kg3 h6 31. Kf4 1/2-1/2

[Event "EU-Cup 29th"]
[Site "Rhodes"]
[Date "2013.10.21"]
[Round "2.1"]
[White "Ahlander, Bjorn"]
[Black "Radjabov, Teimour"]
[Result "1/2-1/2"]
[WhiteElo "2442"]
[BlackElo "2723"]
[PlyCount "86"]
[EventDate "2013.10.20"]
[EventType "team-swiss"]
[EventRounds "7"]
[EventCountry "GRE"]
[SourceTitle "CBM 157"]
[Source "ChessBase"]
[SourceDate "2013.11.12"]
[SourceVersion "1"]
[SourceVersionDate "2013.11.12"]
[SourceQuality "1"]
[WhiteTeam "Limhamn"]
[BlackTeam "SOCAR"]
[WhiteTeamCountry "SWE"]
[BlackTeamCountry "AZE"]

1. c4 g6 2. Nc3 Bg7 3. d4 c5 4. d5 d6 5. e4 Nf6 6. Bd3 O-O 7. Nge2 e6 8. O-O
exd5 9. exd5 Ng4 10. f4 Qe7 11. Rf3 f5 12. h3 Nf6 13. Re3 Qd8 14. Bd2 Na6 15.
a3 Bd7 16. Qc2 Qb6 17. Re1 Rae8 18. Ng3 Qd8 19. Qb3 b6 20. Nb5 Bxb5 21. Qxb5
Nc7 22. Qc6 Nd7 23. Bc3 Bxc3 24. bxc3 Rxe3 25. Rxe3 Re8 26. Nf1 Rxe3 27. Nxe3
Nf6 28. Kf2 Qe7 29. Qb7 Kf7 30. Qc8 Nce8 31. g4 Ne4+ 32. Bxe4 Qxe4 33. Qd7+ Kf8
34. gxf5 Qxf4+ 35. Ke2 Qh2+ 36. Kd3 Qxh3 37. Qxa7 gxf5 38. Qd7 Qh5 39. Nxf5
Qd1+ 40. Ke3 Qe1+ 41. Kd3 Qd1+ 42. Ke3 Qe1+ 43. Kd3 Qd1+ 1/2-1/2

[Event "EU-Cup 29th"]
[Site "Rhodes"]
[Date "2013.10.22"]
[Round "3.2"]
[White "Harikrishna, Pentala"]
[Black "Radjabov, Teimour"]
[Result "1/2-1/2"]
[WhiteElo "2709"]
[BlackElo "2723"]
[PlyCount "110"]
[EventDate "2013.10.20"]
[EventType "team-swiss"]
[EventRounds "7"]
[EventCountry "GRE"]
[SourceTitle "CBM 157"]
[Source "ChessBase"]
[SourceDate "2013.11.12"]
[SourceVersion "1"]
[SourceVersionDate "2013.11.12"]
[SourceQuality "1"]
[WhiteTeam "Padova"]
[BlackTeam "SOCAR"]
[WhiteTeamCountry "ITA"]
[BlackTeamCountry "AZE"]

1. e4 c5 2. Nf3 Nc6 3. Nc3 e5 4. Bc4 d6 5. d3 Be7 6. O-O Nf6 7. Ng5 O-O 8. f4
Bg4 9. Qe1 exf4 10. Bxf4 Nd4 11. Qd2 h6 12. Nf3 Nxf3+ 13. gxf3 Bh3 14. Rfe1 Nh5
15. Kh1 Nxf4 16. Qxf4 Bg5 17. Qg3 Be6 18. Re2 Bh4 19. Qg2 Bf6 20. Bxe6 fxe6 21.
Qh3 Qe7 22. Rg2 Bxc3 23. bxc3 Rf6 24. Rag1 Raf8 25. f4 Kh7 26. e5 dxe5 27. fxe5
Rf5 28. Rg6 Rxe5 29. Qg4 Rg5 30. Rxe6 Qf7 31. Qe4+ Kg8 32. Rxg5 hxg5 33. Qe2
Qf1+ 34. Qxf1 Rxf1+ 35. Kg2 Ra1 36. Re7 Rxa2 37. Rxb7 Rxc2+ 38. Kf3 Rxc3 39.
Ke4 a6 40. Ra7 Ra3 41. Rc7 Ra4+ 42. Kf5 Rd4 43. Rxc5 Rxd3 44. Ra5 Rd6 45. Kxg5
Kf7 46. h4 Rb6 47. Kg4 Kg6 48. h5+ Kf6 49. Rf5+ Ke7 50. Rg5 Kf7 51. Ra5 Ke8 52.
Rg5 Rb1 53. Kf3 Rf1+ 54. Ke2 Rf7 55. Rg6 Rf5 1/2-1/2

[Event "EU-Cup 29th"]
[Site "Rhodes"]
[Date "2013.10.24"]
[Round "5.2"]
[White "Leko, Peter"]
[Black "Radjabov, Teimour"]
[Result "1/2-1/2"]
[WhiteElo "2732"]
[BlackElo "2723"]
[PlyCount "89"]
[EventDate "2013.10.20"]
[EventType "team-swiss"]
[EventRounds "7"]
[EventCountry "GRE"]
[SourceTitle "CBM 157"]
[Source "ChessBase"]
[SourceDate "2013.11.12"]
[SourceVersion "1"]
[SourceVersionDate "2013.11.12"]
[SourceQuality "1"]
[WhiteTeam "Ugra"]
[BlackTeam "SOCAR"]
[WhiteTeamCountry "RUS"]
[BlackTeamCountry "AZE"]

1. c4 g6 2. g3 Bg7 3. Bg2 c5 4. e3 Nc6 5. Ne2 e6 6. d4 cxd4 7. exd4 d5 8. cxd5
exd5 9. Nbc3 Nge7 10. O-O Be6 11. Be3 O-O 12. Nf4 Qd7 13. Qd2 Rad8 14. Rfe1 Kh8
15. Kh1 Nf5 16. Nfxd5 Nfxd4 17. Bh6 f6 18. Bxg7+ Qxg7 19. Qc1 g5 20. Rd1 Qf7
21. Ne3 Qh5 22. Nf1 Bh3 23. Bxh3 Qxh3 24. f4 Qh5 25. Rd3 Qg6 26. Rd2 b5 27. Qb1
f5 28. b4 gxf4 29. gxf4 Rg8 30. Ng3 Qh6 31. Rg2 Qxf4 32. Qf1 Qxf1+ 33. Rxf1
Rgf8 34. Nge2 a6 35. Nxd4 Rxd4 36. a3 Ne7 37. Ne2 Rd2 38. Nf4 Rxg2 39. Kxg2 Ng6
40. Kg3 Re8 41. Nd3 Rd8 42. Nc5 f4+ 43. Kg4 Rd2 44. Nxa6 Ra2 45. Nc7 1/2-1/2